SOMA for solving the vehicle routing problem with time windows

Problémy cestnej dopravy. Formulácia a riešenie problému. Použitie algoritmu SOMA - Self organizing migrating algorithm. Časové okná.

Saved in:
Bibliographic Details
Main Author: Čičková, Zuzana, 1978-
Other Authors: Brezina, Ivan, 1963-, Pekár, Juraj, 1972-
Format: Book Chapter
Language:English
Subjects:
Tags: Add Tag
No Tags, Be the first to tag this record!

MARC

LEADER 00000naa$a2200000$$$4500
001 0083303
005 20240502083221.9
041 0 |a eng 
044 |a RS 
245 1 0 |a SOMA for solving the vehicle routing problem with time windows  |c Zuzana Čičková, Ivan Brezina, Juraj Pekár 
520 |a Problémy cestnej dopravy. Formulácia a riešenie problému. Použitie algoritmu SOMA - Self organizing migrating algorithm. Časové okná. 
610 2 0 |a doprava cestná 
610 2 0 |a algoritmy 
610 2 0 |a optimalizácia 
100 1 |a Čičková, Zuzana, 1978- 
700 1 |a Brezina, Ivan, 1963- 
700 1 |a Pekár, Juraj, 1972-